000 00701nam a22002297a 4500
005 20170124110131.0
010 _aA-408352
020 _c39.00
035 _aA-408352
037 _bCen Lib/Ret
040 _aDPL
_bEN
082 _a657.4
_bLAL
100 _aLal, Jawahar
_932273
245 _aCost accounting /
_cby Jawahar Lal
260 _aNew Delhi
_bTata McGraw-Hill Publishing Company
_c1985
270 _a12/4, Asaf Ali Road
_bNew Delhi
_e110002
300 _axii,713p.
_c22cm(Hb)
500 _aIncludes bibliographical references and index
650 _aCost Auditing
_932274
650 _aNature and concept of cost accounting
_932275
942 _2ddc
_cEN
_h657.4
_mLAL
999 _c131613
_d131613